Welcome to the Holygrace Academy Library

Please use search bar below to get started

TOP 10OF EVERYTHING 2014 (Record no. 1891)

MARC details
000 -LEADER
fixed length control field 00310nam a22001337a 4500
020 ## - INTERNATIONAL STANDARD BOOK NUMBER
ISBN 978-0-800-62887-3
082 ## - DEWEY DECIMAL CLASSIFICATION NUMBER
Classification number 001
Item number TER/T
100 ## - MAIN ENTRY--AUTHOR NAME
Personal name TERRY, PAUL
245 ## - TITLE STATEMENT
Title TOP 10OF EVERYTHING 2014
260 ## - PUBLICATION, DISTRIBUTION, ETC. (IMPRINT)
Place of publication UNITED KINGDOM
Name of publisher HACHETTE
Year of publication 2013
300 ## - PHYSICAL DESCRIPTION
Number of Pages 256
650 ## - SUBJECT ADDED ENTRY--TOPICAL TERM
Topical Term GENERAL KNOWLEDGE
Geographic subdivision INDIA
942 ## - ADDED ENTRY ELEMENTS (KOHA)
Koha item type Books
Holdings
Withdrawn status Lost status Collection code Home library Current library Shelving location Date acquired Source of acquisition Cost, normal purchase price Full call number Accession Number Koha item type
    Reference Main Library Main Library SHELF 1-C ENCYCLOPEDIAS ,G K REFERENCE 26/09/2014 purchase 1795.00 001 TER/T 07385 Books
    Reference Main Library Main Library SHELF 1-C ENCYCLOPEDIAS ,G K REFERENCE 26/09/2014 purchase 1795.00 001 TER/T 07386 Books
    Reference Main Library Main Library SHELF 1-C ENCYCLOPEDIAS ,G K REFERENCE 26/09/2014 purchase 1795.00 001 TER/T 07387 Books